000 01374nam a2200217 i 4500
001 125403
003 ES-MaACL
005 20230906192624.0
007 t|
008 070608m19011902sp ||||1| spa d
100 1 _aVerdy du Vernois, J. V.
_9114063
245 1 0 _aEstudios sobre la dirección de tropas /
_cpor J.V. Verdy du Vernois ; traducida con la autorización del autor por el Marqués de Zayas.
260 _aBarcelona :
_bAdministración de la Revista Científico Militar y Biblioteca Militar,
_c1901-1902.
300 _a1 v. :
_bil. ;
_c22 cm.
500 _aCada cuaderno con pag. y port. propias.
505 8 _aContiene: Parte 1ª. Cuaderno 1º. La división de infantería en un cuerpo de ejército / reformada por V. Gossler (87 p., [1] h. de map. pleg.) -- Parte 1ª. Cuaderno 2º. La división de infantería en un cuerpo de ejército / reformada por V. Gossler (82 p., [1] h. de map. pleg.) -- 1ª Parte. Cuaderno 3º. La división de infantería en un cuerpo de ejército / reformada por V. Gossler (124 p., [1] h. de map. pleg.) -- 1ª Parte. Cuaderno 4º. La división de infantería en un cuerpo de ejército / reformada por V. Gossler (80 p., [1] h. de map. pleg.)
650 4 _aEstrategia.
_912558
700 1 _aGossler, V.
_959267
700 1 _aZayas
_c, Marqués de.
_9118122
852 _aES-MaACL
_jG-11256(1)
_z. - Encuadernado con otra obra
999 _c125403
_d125403